[Event "Olympiad-45"]
[Site "Budapest"]
[Date "2024.09.13"]
[Round "3.61"]
[White "Mulenga, Prince Daniel"]
[Black "Lynch, Kemp"]
[Result "1-0"]
[WhiteElo "2184"]
[BlackElo "1944"]
[PlyCount "117"]
[EventDate "2024.09.11"]
[EventType "team-swiss"]
[EventRounds "11"]
[EventCountry "HUN"]
[SourceTitle "EXT 2025"]
[Source "ChessBase"]
[SourceDate "2024.10.14"]
[SourceVersion "1"]
[SourceVersionDate "2024.10.14"]
[SourceQuality "1"]
[WhiteTeam "Zambia"]
[BlackTeam "Barbados"]
[WhiteTeamCountry "ZAM"]
[BlackTeamCountry "BAR"]

1. d4 d5 2. c4 e6 3. Nf3 c5 4. cxd5 exd5 5. g3 Nc6 6. Bg2 Nf6 7. 0-0 cxd4 8. Nxd4 Bc5 9. Nxc6 bxc6 10. Qc2 Qb6 11. Nc3 Be7 12. e4 d4 13. e5 dxc3 14. exf6 Bxf6 15. Qe4+ Be6 16. Be3 Qb5 17. Qxc6+ Qxc6 18. Bxc6+ Kd8 19. Bxa8 cxb2 20. Rad1+ Kc7 21. Bd5 Bf5 22. a4 Bc2 23. Ba2 Bxd1 24. Rxd1 g5 25. Rd5 Rb8 26. Rc5+ Kd6 27. Rb5 Rc8 28. Rd5+ Ke7 29. Rd1 a6 30. Kf1 Rc2 31. Bb1 Rc4 32. a5 h6 33. Ke2 Ra4 34. Bb6 Bc3 35. Bc2 Ra2 36. Rb1 Bxa5 37. Bxa5 Rxa5 38. Rxb2 Re5+ 39. Kd2 a5 40. Bd3 h5 41. Rb5 Kf6 42. f4 gxf4 43. gxf4 Rxb5 44. Bxb5 Kf5 45. Ke3 Kg4 46. Be2+ Kh3 47. Bxh5 f6 48. f5 Kxh2 49. Kd4 Kg3 50. Kc4 Kf4 51. Bg6 a4 52. Kb4 a3 53. Kxa3 Kg5 54. Kb4 Kh6 55. Kc5 Kg7 56. Kd6 Kf8 57. Ke6 Kg7 58. Ke7 Kh6 59. Kf7 1-0

[Event "Nairobi op"]
[Site "Nairobi"]
[Date "2023.04.07"]
[Round "4"]
[White "Mulenga, Prince Daniel"]
[Black "Gareyev, Timur"]
[Result "0-1"]
[WhiteElo "2188"]
[BlackElo "2602"]
[PlyCount "76"]
[EventDate "2023.04.06"]
[EventType "swiss"]
[EventRounds "9"]
[EventCountry "KEN"]
[SourceTitle "EXT 2024"]
[Source "ChessBase"]
[SourceDate "2023.10.10"]
[SourceVersion "1"]
[SourceVersionDate "2023.10.10"]
[SourceQuality "1"]

1. d4 d6 2. Nf3 Nf6 3. g3 b5 4. Bg2 Bb7 5. 0-0 Nbd7 6. a4 b4 7. c4 e6 8. a5 c5 9. d5 exd5 10. Nh4 g6 11. cxd5 Ba6 12. b3 Bg7 13. Bb2 0-0 14. Nd2 Re8 15. Re1 Rc8 16. Ra2 Qe7 17. Qa1 Bh6 18. Nc4 Bxc4 19. bxc4 Ne4 20. e3 f5 21. Nf3 Rb8 22. Qd1 Bg7 23. Bxg7 Qxg7 24. Qb3 g5 25. Rc2 Nc3 26. Bf1 Re7 27. Bd3 Rf8 28. Rec1 f4 29. exf4 gxf4 30. Nh4 Ne5 31. Bf5 Qf6 32. Kh1 Nf3 33. Nxf3 Qxf5 34. Nh4 Qd3 35. Kg2 f3+ 36. Kh3 Rg7 37. Rxc3 bxc3 38. Qxc3 Qe4 0-1

[Event "Africa-ch"]
[Site "Lilongwe"]
[Date "2021.05.18"]
[Round "1"]
[White "Oyama, Ekok Oyama"]
[Black "Mulenga, Prince Daniel"]
[Result "0-1"]
[WhiteElo "1845"]
[BlackElo "2246"]
[PlyCount "72"]
[EventDate "2021.05.18"]
[EventType "swiss"]
[EventRounds "9"]
[EventCountry "MWI"]
[SourceTitle "CBM 202 Extra"]
[Source "ChessBase"]
[SourceDate "2021.07.31"]
[SourceVersion "1"]
[SourceVersionDate "2021.07.31"]
[SourceQuality "1"]

1. c4 c5 2. Nc3 Nc6 3. e3 Nf6 4. d4 cxd4 5. exd4 d5 6. cxd5 Nxd5 7. Nf3 g6 8. Bc4 Nxc3 9. bxc3 Bg7 10. 0-0 0-0 11. h3 b6 12. Re1 Na5 13. Bd3 Bb7 14. Ba3 Re8 15. Qe2 e6 16. Ne5 Qc7 17. Rac1 Red8 18. f4 Nc6 19. Qg4 Re8 20. h4 h5 21. Qg3 Nxe5 22. fxe5 Bc6 23. Bd6 Qb7 24. c4 Red8 25. c5 bxc5 26. dxc5 Qb2 27. Rc2 Qd4+ 28. Kh2 Bd5 29. Rf2 Rd7 30. Rf4 Qc3 31. Rxf7 Rxf7 32. Qxg6 Rf5 33. Bxf5 exf5 34. e6 Qf6 35. Qxf6 Bxf6 36. e7 Kf7 0-1

[Event "Titled Tuesday intern op 14th July"]
[Site "Chess.com INT"]
[Date "2020.07.14"]
[Round "5"]
[White "Weetik, Vjacheslav"]
[Black "Mulenga, Prince Daniel"]
[Result "1/2-1/2"]
[WhiteElo "2423"]
[BlackElo "2316"]
[PlyCount "137"]
[EventDate "2020.07.14"]
[EventType "swiss (blitz)"]
[EventRounds "10"]
[EventCountry "USA"]
[SourceTitle "CBM 197 Extra"]
[Source "ChessBase"]
[SourceDate "2020.09.30"]
[SourceVersion "1"]
[SourceVersionDate "2020.09.30"]
[SourceQuality "1"]

1. d4 Nf6 2. c4 e6 3. Nf3 b6 4. a3 Bb7 5. Nc3 d5 6. cxd5 Nxd5 7. Qc2 Nd7 8. Bd2 c5 9. e4 Nxc3 10. Bxc3 cxd4 11. Nxd4 Be7 12. Bb5 Rc8 13. Rd1 Rc7 14. Qa4 0-0 15. Nxe6 fxe6 16. Bxd7 Bd5 17. Bxe6+ Bxe6 18. Rxd8 Rxd8 19. 0-0 Bc4 20. Re1 b5 21. Qa5 Rcd7 22. h3 Bc5 23. Qa6 Rf7 24. Kh1 Bxf2 25. Rc1 Be3 26. Re1 Bf2 27. Ra1 Bg3 28. Rg1 Rdf8 29. Bd4 Re8 30. Qc6 Rfe7 31. e5 Bxe5 32. Bxe5 Rxe5 33. a4 R8e6 34. Qc8+ Re8 35. Qa6 R8e7 36. b3 Bxb3 37. axb5 h6 38. Rc1 Kh7 39. Rc3 Bd5 40. Rg3 Bf7 41. Kh2 R5e6 42. Qa3 Re5 43. Qd3+ Kh8 44. Qd8+ Kh7 45. Qd4 Kh8 46. Rf3 Bg6 47. Rg3 Kh7 48. Ra3 R5e6 49. Rxa7 Re4 50. Qc5 R7e5 51. Qg1 Rxb5 52. Qa1 Rbe5 53. Ra2 Re2 54. Rxe2 Rxe2 55. Qf1 Re4 56. Qf3 Re6 57. Qf4 Rf6 58. Qe5 Rf5 59. Qd4 Rf6 60. g4 Re6 61. Kg3 Re4 62. Qd2 Re6 63. h4 h5 64. g5 Re4 65. Qd5 Rg4+ 66. Kh3 Re4 67. Kg3 Rg4+ 68. Kh3 Re4 69. Kg3 1/2-1/2

[Event "Dubai op 21st"]
[Site "Dubai"]
[Date "2019.04.06"]
[Round "6"]
[White "Mulenga, Prince Daniel"]
[Black "Kuybokarov, Temur"]
[Result "1-0"]
[WhiteElo "2234"]
[BlackElo "2519"]
[PlyCount "85"]
[EventDate "2019.04.01"]
[EventType "swiss"]
[EventRounds "9"]
[EventCountry "UAE"]
[SourceTitle "CBM 189 Extra"]
[Source "ChessBase"]
[SourceDate "2019.05.31"]
[SourceVersion "1"]
[SourceVersionDate "2019.05.31"]
[SourceQuality "1"]

1. d4 Nf6 2. c4 e6 3. Nf3 d5 4. Nc3 Bb4 5. Qa4+ Nc6 6. e3 0-0 7. Be2 a6 8. Qc2 dxc4 9. Bxc4 Bd6 10. 0-0 b5 11. Be2 Bb7 12. a3 e5 13. d5 Ne7 14. e4 c6 15. dxc6 Nxc6 16. Bg5 h6 17. Bh4 Nd4 18. Qd3 Nxe2+ 19. Qxe2 Qe7 20. Rad1 Qe6 21. Bxf6 Qxf6 22. Nd5 Qe6 23. Nh4 g6 24. Qe3 Kg7 25. Rd3 Rad8 26. Rfd1 Bb8 27. Qg3 Kh7 28. Nf3 Bd6 29. Qh4 Kg7 30. h3 f6 31. Nh2 f5 32. exf5 gxf5 33. Rg3+ Kh8 34. Nf3 Bxd5 35. Rxd5 e4 36. Ne5 Bxe5 37. Rxd8 Bxg3 38. Rxf8+ Kg7 39. Qd8 e3 40. fxg3 e2 41. Rg8+ Qxg8 42. Qxg8+ Kxg8 43. Kf2 1-0

[Event "Dubai op 21st"]
[Site "Dubai"]
[Date "2019.04.02"]
[Round "2"]
[White "Mulenga, Prince Daniel"]
[Black "Vignesh, NR."]
[Result "1/2-1/2"]
[WhiteElo "2234"]
[BlackElo "2476"]
[PlyCount "89"]
[EventDate "2019.04.01"]
[EventType "swiss"]
[EventRounds "9"]
[EventCountry "UAE"]
[SourceTitle "CBM 189 Extra"]
[Source "ChessBase"]
[SourceDate "2019.05.31"]
[SourceVersion "1"]
[SourceVersionDate "2019.05.31"]
[SourceQuality "1"]

1. d4 Nf6 2. c4 e6 3. Nf3 Bb4+ 4. Bd2 c5 5. Bxb4 cxb4 6. g3 a5 7. Bg2 d6 8. 0-0 0-0 9. Nbd2 Qc7 10. a3 Na6 11. Rc1 b6 12. Qb3 Bb7 13. Rfe1 Rfe8 14. axb4 Nxb4 15. Nb1 Rac8 16. Na3 Ba6 17. Nd2 e5 18. Bh3 Rcd8 19. Nb5 Qe7 20. dxe5 dxe5 21. Nf1 Ne4 22. Qe3 Nc5 23. Na3 Rd4 24. Bg2 Red8 25. h4 f5 26. Nb5 Bxb5 27. cxb5 f4 28. gxf4 Rxf4 29. Ng3 Rdf8 30. Rxc5 bxc5 31. Rc1 Rxf2 32. Rxc5 Qxh4 33. Rxe5 Qd8 34. Bf3 R2xf3 35. exf3 Qd1+ 36. Nf1 Qd6 37. Re6 Qd8 38. Re7 Nd5 39. Qe6+ Kh8 40. Rd7 Qg5+ 41. Qg4 Qe5 42. Qe4 Qg5+ 43. Qg4 Qe5 44. Qe4 Qg5+ 45. Qg4 1/2-1/2

[Event "Olympiad-43"]
[Site "Batumi"]
[Date "2018.10.05"]
[Round "11.4"]
[White "Mulenga, Prince Daniel"]
[Black "Aithmidou, Mohamed Mehdi"]
[Result "0-1"]
[WhiteElo "2237"]
[BlackElo "2244"]
[PlyCount "98"]
[EventDate "2018.09.24"]
[EventType "team-swiss"]
[EventRounds "11"]
[EventCountry "GEO"]
[SourceTitle "CBM 187"]
[Source "ChessBase"]
[SourceDate "2018.12.11"]
[SourceVersion "1"]
[SourceVersionDate "2018.12.11"]
[SourceQuality "1"]
[WhiteTeam "Zambia"]
[BlackTeam "Morocco"]
[WhiteTeamCountry "ZAM"]
[BlackTeamCountry "MAR"]

1. Nf3 c5 2. g3 Nc6 3. c4 g6 4. Bg2 Bg7 5. Nc3 e5 6. d3 Nge7 7. 0-0 0-0 8. a3 d6 9. Rb1 f5 10. Bd2 b6 11. b4 Bb7 12. Nd5 h6 13. e4 Qd7 14. b5 Nd8 15. Nh4 Bxd5 16. cxd5 f4 17. gxf4 exf4 18. Qf3 Kh7 19. Bh3 Qe8 20. Kh1 Nf7 21. Rg1 Bf6 22. Nxg6 Nxg6 23. Bf5 Nfe5 24. Qh5 Bg7 25. Bxf4 Rxf5 26. Qxf5 Nxd3 27. Be3 Bd4 28. Bxd4 cxd4 29. Rg2 Ndf4 30. Rg4 Qe5 31. Qf7+ Kh8 32. f3 Rg8 33. Qxa7 Nh3 34. Rf1 Ng5 35. Qxb6 Rc8 36. Qa6 Rc2 37. Rg2 Rxg2 38. Qc8+ Kg7 39. Qd7+ Kf6 40. Qd8+ Kg7 41. Qd7+ Nf7 42. Kxg2 d3 43. Kh1 Qb2 44. Qc6 d2 45. Qc4 Kh7 46. Qb4 d1Q 47. Rxd1 Qe2 48. Qb1 Qxf3+ 49. Kg1 Nf4 0-1

[Event "Matola zt 4.3"]
[Site "Matola"]
[Date "2018.04.09"]
[Round "3.3"]
[White "Klaasen, Calvin Jong"]
[Black "Mulenga, Prince Daniel"]
[Result "1-0"]
[WhiteElo "2272"]
[BlackElo "2249"]
[PlyCount "71"]
[EventDate "2018.04.08"]
[EventType "swiss"]
[EventRounds "9"]
[EventCountry "MOZ"]
[SourceTitle "EXT 2024"]
[Source "ChessBase"]
[SourceDate "2023.10.10"]
[SourceVersion "1"]
[SourceVersionDate "2023.10.10"]
[SourceQuality "1"]

1. d4 Nf6 2. c4 e6 3. Nf3 c5 4. e3 d5 5. cxd5 exd5 6. Bb5+ Nc6 7. 0-0 Qb6 8. Nc3 Bg4 9. dxc5 Qxc5 10. Be2 a6 11. Nd4 Bxe2 12. Qxe2 Be7 13. Nf5 0-0 14. Bd2 Rfe8 15. Rac1 Bf8 16. Ne4 Nxe4 17. Rxc5 Bxc5 18. Bc1 Rad8 19. f3 Nf6 20. Qc2 Ba7 21. Kh1 Re6 22. Qb3 Rd7 23. h3 h5 24. Rd1 g6 25. Ng3 Rde7 26. Rd3 Ne5 27. Rd1 Nc4 28. e4 b5 29. Bg5 d4 30. f4 Rd7 31. e5 Nd5 32. Ne4 Nde3 33. Rd3 Rb7 34. Qb4 a5 35. Qe1 Nxb2 36. Qxa5 1-0

[Event "Matola zt 4.3"]
[Site "Matola"]
[Date "2018.04.08"]
[Round "1.6"]
[White "Abrantes, Persson"]
[Black "Mulenga, Prince Daniel"]
[Result "0-1"]
[WhiteElo "2072"]
[BlackElo "2249"]
[PlyCount "91"]
[EventDate "2018.04.08"]
[EventType "swiss"]
[EventRounds "9"]
[EventCountry "MOZ"]
[SourceTitle "EXT 2024"]
[Source "ChessBase"]
[SourceDate "2023.10.10"]
[SourceVersion "1"]
[SourceVersionDate "2023.10.10"]
[SourceQuality "1"]

1. Nf3 Nf6 2. g3 g6 3. Bg2 Bg7 4. Nc3 d5 5. 0-0 d4 6. Nb1 0-0 7. d3 c5 8. Nbd2 Nc6 9. Nb3 Qb6 10. h3 Rd8 11. Bg5 h6 12. Bd2 a5 13. a4 Be6 14. Ra3 c4 15. dxc4 Bxc4 16. Nh2 Nd5 17. Re1 Ne3 18. Qc1 Nxg2 19. Kxg2 Kh7 20. Ng4 h5 21. Nh2 Rac8 22. Nf3 Bd5 23. Kg1 Nb4 24. Ng5+ Kg8 25. Na1 e5 26. e4 Bc4 27. Qd1 f6 28. Nf3 Bf7 29. Nh4 Nxc2 30. Nxc2 Qxb2 31. Bxa5 Rd7 32. Ra1 Qxc2 33. Qf3 g5 34. Nf5 Qb3 35. Qe2 Rc2 36. Qd1 Bf8 37. Rc1 Rxc1 38. Qxc1 Qxa4 39. Bd2 Qc6 40. Qb1 d3 41. Qa1 Qc2 42. Qa8 Qxd2 43. Re3 Qb4 44. Qc8 d2 45. Nh6+ Kh7 46. Qxd7 0-1